Ser creativo : (Registro nro. 42563)
[ vista simple ]
| 000 -LEADER | |
|---|---|
| fixed length control field | 00867cam a2200277 i 4500 |
| 001 - CONTROL NUMBER | |
| control field | 42563 |
| 003 - CONTROL NUMBER IDENTIFIER | |
| control field | Mx-PuUPA |
| 005 - DATE AND TIME OF LATEST TRANSACTION | |
| control field | 20240430121615.0 |
| 008 - FIXED-LENGTH DATA ELEMENTS--GENERAL INFORMATION | |
| fixed length control field | 140415s1996 mx a gr 000 0 spa d |
| 020 ## - INTERNATIONAL STANDARD BOOK NUMBER | |
| International Standard Book Number | 9687592087 |
| 040 ## - CATALOGING SOURCE | |
| Original cataloging agency | Mx-PuUPA |
| Transcribing agency | Mx-PuUPA |
| Language of cataloging | spa |
| Modifying agency | Mx-PuUPA |
| Description conventions | rda |
| 041 0# - LANGUAGE CODE | |
| Language code of text/sound track or separate title | spa |
| 100 1# - MAIN ENTRY--PERSONAL NAME | |
| Personal name | González, Luis Jorge |
| Relator term | autor |
| 245 10 - TITLE STATEMENT | |
| Title | Ser creativo : |
| Remainder of title | libera a tu artista interior con PNL / |
| Statement of responsibility, etc. | Luis Jorge González |
| 250 ## - EDITION STATEMENT | |
| Edition statement | 1a. edición |
| 264 #1 - PRODUCTION, PUBLICATION, DISTRIBUTION, MANUFACTURE, AND COPYRIGHT NOTICE | |
| Place of production, publication, distribution, manufacture | Monterrey, N.L. : |
| Name of producer, publisher, distributor, manufacturer | Editorial Font, |
| Date of production, publication, distribution, manufacture, or copyright notice | 1996 |
| 300 ## - PHYSICAL DESCRIPTION | |
| Extent | 213 páginas ; |
| Dimensions | 21 cm |
| 336 ## - CONTENT TYPE | |
| Fuente | rdacontent |
| Content type term | texto |
| Content type code | txt |
| 337 ## - MEDIA TYPE | |
| Source | rdamedia |
| Media type term | sin medio |
| Media type code | n |
| 338 ## - CARRIER TYPE | |
| Source | rdacarrier |
| Carrier type term | volumen |
| Carrier type code | nc |
| 650 #7 - SUBJECT ADDED ENTRY--TOPICAL TERM | |
| Source of heading or term | armarc |
| Topical term or geographic name entry element | Aptitud creadora |
| 650 #7 - SUBJECT ADDED ENTRY--TOPICAL TERM | |
| Source of heading or term | armarc |
| Topical term or geographic name entry element | Educación |
| General subdivision | Creatividad |
| 942 ## - ADDED ENTRY ELEMENTS (KOHA) | |
| Source of classification or shelving scheme | Dewey Decimal Classification |
| Koha item type | Libro |
| Classification part | 370.118 |
| Item part | G635 |
| Withdrawn status | Lost status | Source of classification or shelving scheme | Damaged status | Not for loan | Collection code | Home library | Current library | Shelving location | Date acquired | Total Checkouts | Full call number | Barcode | Date last seen | Price effective from | Koha item type |
|---|---|---|---|---|---|---|---|---|---|---|---|---|---|---|---|
| Dewey Decimal Classification | General | Angelópolis | Angelópolis | Sala general | 30/04/2024 | 370.118 G635 1996 | 965000000309 | 30/04/2024 | 30/04/2024 | Libro |